00481nam a2200181Ia 450000500170000000800410001702000180005804100080007608200130008410000160009724500610011325000120017426000410018630000090022750000240023665000230026070000160028320230430090930.0230125s9999 xx 000 0 und d a9789386224033 aeng a823bPAT aPattanaik D a7 Secrets of the Goddess - From the Hindu Trinity Series a1st Ed. c2018bWestland PublicationsaChennai a232p aEnglish Literature  aEnglish Literature aPattanaik D